|
|
|
|
| LEADER |
00000cam a2200000 a 4500 |
| 001 |
vtls010317958 |
| 003 |
SK-MaSNL |
| 005 |
20260301032127.0 |
| 008 |
240314s2011 xo oa g b 000 0 slo |
| 015 |
|
|
|a SNBA2011/10-05322
|
| 020 |
|
|
|a 9788097078102
|q (viaz.)
|
| 035 |
|
|
|a B1D6C7D2-6CD5-491B-8A15-37953B139631
|
| 035 |
|
|
|a urn:nbn:sk:snk-amlfk2
|
| 035 |
|
|
|a urn:nbn:sk:snk-am008xlq
|
| 040 |
|
|
|a SNK
|b slo
|c SNK
|e AACR2
|
| 041 |
0 |
|
|a slo
|
| 043 |
|
|
|a e-xo---
|
| 044 |
|
|
|a xo
|c SK
|
| 072 |
|
7 |
|a 502
|x Životné prostredie a jeho ochrana
|2 konspekt
|
| 080 |
|
|
|a 502.2
|2 2001
|
| 080 |
|
|
|a 502.5
|2 2001
|
| 080 |
|
|
|a 582
|2 2001
|
| 080 |
|
|
|a 592/599
|2 2001
|
| 080 |
|
|
|a (437.6)
|2 2001
|
| 080 |
|
|
|a (048.8)
|2 2001
|
| 100 |
1 |
|
|a Strelcová, Ružena
|4 aut
|9 328881
|
| 245 |
1 |
0 |
|a Príroda Brhloviec a ich okolia
|c Ružena Strelcová
|
| 250 |
|
|
|a [1. vyd.]
|
| 260 |
|
|
|a [Levice]
|b AG Aldox
|c 2011
|
| 300 |
|
|
|a 173 s.
|b fareb. fotogr.
|c 22 cm
|
| 366 |
|
|
|e 800 výt.
|
| 504 |
|
|
|a Bibliogr. s. 173
|
| 650 |
0 |
7 |
|a príroda
|2 SNKPH
|9 3813
|
| 650 |
0 |
7 |
|a neživá príroda
|2 SNKPH
|9 69613
|
| 650 |
0 |
7 |
|a rastliny
|2 SNKPH
|9 690
|
| 650 |
0 |
7 |
|a živočíchy
|2 SNKPH
|9 1094
|
| 650 |
0 |
7 |
|a Nature
|2 SNKPHeng
|9 267314
|
| 650 |
0 |
7 |
|a Nonliving nature
|2 SNKPHeng
|9 328882
|
| 650 |
0 |
7 |
|a Plants
|2 SNKPHeng
|9 296405
|
| 650 |
0 |
7 |
|a Animals
|2 SNKPHeng
|9 267568
|
| 651 |
|
7 |
|a Brhlovce (Slovensko)
|2 SNKPH
|9 24186
|
| 651 |
|
7 |
|a Brhlovce (Slovakia)
|2 SNKPHeng
|9 328883
|
| 655 |
|
7 |
|a monografie
|2 SNKPH
|9 70139
|
| 655 |
|
7 |
|a Monographs
|2 SNKPHeng
|9 120675
|
| 919 |
|
|
|a 978-80-970781-0-2
|
| 958 |
|
|
|a NB
|
| 958 |
|
|
|a OND
|
| 968 |
|
|
|d 50
|
| 999 |
|
|
|c 577864
|d 579794
|
| 952 |
|
|
|a SNK
|b SNK
|y PREZ
|7 0
|p 17A0720525
|o snkSC 142686
|i snk2011/21086
|8 0
|0 0
|1 0
|4 0
|d 2011-10-12
|l 0
|r 2025-07-10 00:00:00
|w 2026-02-23
|
| 952 |
|
|
|a SNK
|b SNK
|y VYP
|7 0
|p 17A0720526
|o snkSC 142686 D1
|i snk2011/21087
|8 0
|0 0
|1 0
|4 0
|d 2011-10-12
|f 1
|l 0
|r 2026-02-23 14:39:25
|w 2026-02-23
|